Majesty: The Fantasy Kingdom Sim Buildings and Units - Statistics

General Stats
  • This quiz has been taken 4 times
  • The average score is 56 of 60
Answer Stats
Hint Answer % Correct
Adept
100%
Ballista Tower
100%
Barbarian
100%
Blacksmith
100%
City Guard
100%
Cultist
100%
Dwarf
100%
Elf
100%
Elven Bungalow
100%
Embassy
100%
Palace Level 3 Fairgrounds
100%
Fountain
100%
Gambling Hall
100%
Gnome
100%
Gnome Hovel
100%
Guardhouse
100%
Healer
100%
House
100%
Inn
100%
Library
100%
Magic Bazaar
100%
Marketplace
100%
Monk
100%
Palace Guard
100%
Palace Level 1 Peasant
100%
Priestess
100%
Ranger
100%
Ranger's Guild
100%
Rogue
100%
Rogue's Guild
100%
Royal Gardens
100%
Sewer Entrance
100%
Solarus
100%
Sorcerer's Abode
100%
Palace Level 2 Statue
100%
Tax Collector
100%
Temple to Dauros
100%
Temple to Fervus
100%
Temple to Helia
100%
Temple to Krolm
100%
Temple to Krypta
100%
Temple to Lunord
100%
Trading Post
100%
Veteran City Guard
100%
Warrior
100%
Warrior's Guild
100%
Wizard
100%
Wizard's Guild
100%
Wizard's Tower
100%
Caravan
67%
Dwarven Settlement
67%
Elven Lounge
67%
Graveyard
67%
Mausoleum
67%
Outpost
67%
Paladin
67%
Temple to Agrela
67%
Warrior of Discord
67%
Gazebo
33%
Hall of Champions
33%
No matching quizzes found
Score Distribution
Percent of People with Each Score
Percentile by Number Answered
Your Score History
You have not taken this quiz